000 00975nam a2200313Ia 4500
001 Para_7242
003 CHAP
008 220125s1924 xx 000 0 und d
010 _a206128
040 _cCHAP
082 _aPA-C 631.81 B85
100 _aMcCall, A. G.
_9172304
245 _aWhat is the value of a ton of stable manure /
_c by A. G. McCall and T. H. White
260 _aCollege Park, Md. :
_b The University of Maryland. Agricultural Experiment
300 _a259-286 pp
440 _aBulletin ; 266
_9172306
500 _aEnc. con impresos similares
650 _aAbono
_x efecto en legumbres
_9172307
650 _aAbos
_x efecto en suelos
_9172308
650 _aFertilizantes
_x colecciones de escritos
_9172309
700 _aWhite, T. H.
_9172310
901 _aPA-C 631.81 B85
902 _aA
905 _a0000001924 a 0000000000 00
910 _a1924
942 _cPARA
942 _cPARA
_d1
999 _c206128
_d206128